00899nam a2200205Ia 4500008004100000020001800041082001500059100002700074245010800101300005500209500013700264650009600401700003400497264002400531336002700555337003300582338002800615040003500643999001500678161108s9999 xx 000 0 und d a9783836514880 a741.6 W32i aWideman, Julius, 1974- aIlustration now!, 3 /ced. Julius Widemann ; [traducción Ester Galindo, Marco Barberi, Ricardo Faria] a447 páginas :b ilustraciones en color ;c 25 cm aTraductores tomados del colofón \\ Texto en español, italiano y portugués \\ Incluye obras y descripción de 150 ilustradores aTecnicas De Ilustracion / Ilustracion De Libros / Ilustradores / Ilustradores - Colecciones aGalindo, Ester Barberi, Marco aColonia :b Taschen atextobtxt2rdacontent asin mediaciónbn2rdamedia avolumenbnc2rdacarrier aCO-BoRNBPbspaerdacCO-BoRNBP c7461d7461